Responses for Show #1386 - Monday, September 17, 1990

Contestants

[<< previous game]

Daryl Rosenblatt, an architect from New York City, New York

Mark McBurney, a foreign service officer originally from Rhode Island

Kyle Freeman, a teacher and proofreader from San Francisco, California (whose 3-day cash winnings total $25,202)

[next game >>]

Jeopardy! Round responses

FILE UNDER "S"
THE 20th CENTURY
ACTORS & THEIR ROLES
EUROPE
QUOTES
CHECKERS
    $100 15
a sombrero

Kyle
    $100 10
nuclear energy

Kyle
    $100 17
Jamie Farr

Mark
    $100 2
the Volga

Mark
    $100 1
Columbus

Mark
    $100 26
[The end-of-round signal sounds.]

touch it

Daryl
    $200 22
(Daryl: What's a yucca?)
(Kyle: What's a saguaro?)

sagebrush

KyleMarkDaryl
    $200 11
Italy

Daryl
    $200 18
Linda Evans

Kyle
    $200 3
Paris

Mark
    $200 7
the inmates

Kyle
    $300 23
(Alex: We have a minute to go.)

a squall

Triple Stumper
    $300 12
the League of Nations

Daryl
    $300 19
Edd Byrnes

Kyle
    $300 4
Norway

Mark
    $300 8
H.G. Wells

Kyle
    $400 24
son of a gun

Triple Stumper
    $400 13
(Eddie) Rickenbacker

Mark
    $400 20
(Mark: What is East of Eden?)
...
(Alex: Raymond Massey was in East of Eden?)

Rebel Without a Cause

KyleMark
    $400 5
Vilnius

Mark
    $400 9
(Alan Jay) Lerner

Daryl
    $1,000 25
(Mark: What is Sardinia?)
(Alex: No, sorry, that was Winged Victory of [*].)

Samothrace

Mark
    $500 14
(2 of) Chernenko & Andropov (or Leonid Brezhnev

Mark
    $500 21
the dodo bird

Mark
    $500 6
Iceland

Kyle
    $500 16
Leonardo (da Vinci)

Kyle

Scores at the first commercial break (after clue 14):

Kyle Mark Daryl
$1,100 $2,000 $900

Scores at the end of the Jeopardy! Round:

Kyle Mark Daryl
$2,400 $1,400 $800

Double Jeopardy! Round responses

PRESIDENTS
THE BIBLE
SCIENCE
POTENT POTABLES
AMERICAN LITERATURE
HIGHWAYS & BYWAYS
    $200 2
Lincoln

Kyle
    $200 8
Mount Sinai

Triple Stumper
    $200 1
Galileo

Mark
    $200 20
a claret

Daryl
    $200 7
Pauline

Kyle
    $200 11
Wall Street

Mark
    $400 3
(William Howard) Taft

Mark
    $400 9
the Jordan

Kyle
    $400 14
milk

Daryl
    $400 21
a grasshopper

Kyle
    $400 22
Magnificent

Daryl
    $400 12
Zurich

Mark
    $600 4
John Adams

Kyle
    $600 10
milk & honey

Mark
    $600 15
fallout

Daryl
    $600 23
(Kyle: What's whiskey?)

bourbon

Kyle
Triple Stumper
    $600 28
(Alex: It was set, if memory serves correctly, in San Francisco--what is [*].)

Pal Joey

Triple Stumper
    $600 13
Anne Frank

Daryl
    $800 5
(James) Buchanan

Kyle
    $800 18
his ear

Kyle
    $1,200 16
(Daryl: What is spectral?)

complementary

Daryl
    $800 24
cherries

Daryl
    $800 29
Babbitt

Daryl
    $800 26
Philadelphia

Mark
    $1000 6
(Zachary) Taylor

Mark
    $1000 19
(Mark: Who is David?)

Saul

MarkDaryl
    $1000 17
Enrico Fermi

Kyle
    $1000 25
Molson

Mark
    $1000 30
(Alex: Kyle, why didn't you ring in? You knew it.)
(Kyle: Well, I guessed it.)

Walt Whitman

Triple Stumper
    $1000 27
(Mark: What is the Trans-American Highway?)

the Pan-American Highway

MarkDaryl

Scores at the end of the Double Jeopardy! Round:

Kyle Mark Daryl
$6,200 $4,000 $5,400

[wagering suggestions for these scores]

Final Jeopardy! Round responses

THE CIVIL WAR
(Alex: [To Daryl] You wrote down two of them; unfortunately, you misunderstood the clue--all we needed was one and by giving us more information than we required, you had to be right on both of them and Alabama is incorrect--Alabama does have a seacoast.)
MarkWhat is Arkansas
$3,000
DarylWhat is Alabama & Arkansas?
$4,000
KyleWhat is Arkansas?
$4,601
(1 of) Arkansas or Tennessee

Final scores:

Kyle Mark Daryl
$10,801 $7,000 $1,400
4-day champion: $36,003 2nd place: trip on Malaysia Airline to Singapore & stay at Mandarin Singapore 3rd place: Daniel Mink watch & Nintendo Entertainment System with Family, Junior & Special editions of Jeopardy! & Wheel of Fortune

Game dynamics:

Coryat scores:

Kyle Mark Daryl
$6,200 $5,000 $6,600
17 R,
2 W
18 R,
4 W
(including 1 DD)
13 R
(including 1 DD),
2 W
(including 1 DD)

Combined Coryat: $17,800

[game clues] [game scores] [suggest correction]

Game tape date: 1990-08-06
The J! Archive is created by fans, for fans. Scraping, republication, monetization, and malicious use prohibited; this site may use cookies and collect identifying information. See terms. The Jeopardy! game show and all elements thereof, including but not limited to copyright and trademark thereto, are the property of Jeopardy Productions, Inc. and are protected under law. This website is not affiliated with, sponsored by, or operated by Jeopardy Productions, Inc. Join the discussion at JBoard.tv.